Random random quiz - Statistics

General Stats
  • This quiz has been taken 7 times
  • The average score is 7 of 15
Answer Stats
Hint Answer % Correct
In what country is Pyongyang the capital? North Korea
100%
What is the most common last name in the USA? Smith
100%
What political leader was assasinated at Ford's theatre in 1865? Abraham Lincoln
83%
In which Us state would you find the grand canyon? Arizona
83%
Name one of the five European countries that is closest to USA? Portugal, Iceland, Ireland, United Kingdom, Spain
83%
What country is geographically closest to florida? Bahamas
67%
Which city has the highest amount of scyscrapers? Hong Kong
67%
What is the "cloudiest" country in the world? Iceland
33%
What is the first element in the periodic table? Hydrogen
17%
What is the most expensive capital city in the world? London
17%
Who has the most Super bowl wins ever? Tom Brady
17%
What movie gave us the quote "To infinity and beyond"? Toy story
17%
Who died by fever in 325 B.C? Alexander the great
0%
What is a gaggle? Goose
0%
Who said "Most people do not really want freedom, because freedom involves responsibility, and most people are frightened of responsibility"? Sigmund Freud
0%
No matching quizzes found
Score Distribution
Percent of People with Each Score
Percentile by Number Answered
Your Score History
You have not taken this quiz